Analýza postojov odborárov k nátlakovým akciám Konfederácie odborových zväzov Slovenskej republiky voči sociálnym partnerom výskumná správa
Gespeichert in:
| 1. Verfasser: | |
|---|---|
| Format: | Buch |
| Sprache: | Slowakisch |
| Veröffentlicht: |
Bratislava
Konfederácia odborových zväzov Slovenskej republiky
2000
|
| Tags: |
Keine Tags, Fügen Sie das erste Tag hinzu!
|
MARC
| LEADER | 00000nam$a2200000$$$4500 | ||
|---|---|---|---|
| 001 | 0111891 | ||
| 005 | 20240502072236.0 | ||
| 041 | 0 | |a slo | |
| 044 | |a SK | ||
| 245 | 1 | 0 | |a Analýza postojov odborárov k nátlakovým akciám Konfederácie odborových zväzov Slovenskej republiky voči sociálnym partnerom |b výskumná správa |c Mária Antalová |
| 264 | 1 | |a Bratislava |b Konfederácia odborových zväzov Slovenskej republiky |c 2000 | |
| 300 | |a 21 s. | ||
| 100 | 1 | |a Antalová, Mária, 1952- | |